[Event "Open Ricany 2011"]
[Site "http://www.openricany.cz"]
[Date "2011.08.26"]
[Round "8.44"]
[White "Luzikova, Nicola"]
[Black "Krejci, Martin"]
[Result "0-1"]
[WhiteElo "1798"]
[BlackElo "1878"]

1. d4 Nf6 2. c4 g6 3. Nc3 d5 4. cxd5 Nxd5 5. e4 Nxc3 6. bxc3 Bg7 7. Bc4 c5
8. Ne2 O-O 9. O-O Nc6 10. Be3 Qc7 11. Qc2 a6 12. a4 Na5 13. Bb3 Bg4 14. f3 Bd7
15. Rfd1 cxd4 16. cxd4 Qxc2 17. Bxc2 Rac8 18. Rdc1 Rc4 19. Bd3 Rxc1+ 20. Rxc1
Bxa4 21. Ra1 b5 22. Nc3 Nb3 23. Ra3 b4 24. Rxa4 bxc3 25. Rc4 a5 26. Rxc3 Nxd4
27. Ra3 Ra8 28. Bd2 a4 29. Bc3 Rd8 30. Bxd4 Bxd4+ 31. Kf1 Bb2 32. Ra2 a3 33. Be2
e5 34. Ke1 Kf8 35. g3 Rd4 36. Kf2 g5 37. Ke3 Ke7 38. h4 gxh4 39. gxh4 Kd6
40. Kf2 Kc5 41. Ke1 Kb4 42. Bd1 Rxd1+ 43. Kxd1 Kb3 0-1

[Event "Open Ricany 2011"]
[Site "http://www.openricany.cz"]
[Date "2011.08.26"]
[Round "8.16"]
[White "Postupa, Martin"]
[Black "Wasserbauer, Radek"]
[Result "0-1"]
[WhiteElo "2005"]
[BlackElo "2145"]

1. e4 e6 2. d4 d5 3. e5 c5 4. c3 Nc6 5. Nf3 Qb6 6. Be2 cxd4 7. cxd4 Nge7 8. Na3
Nf5 9. Nc2 Bb4+ 10. Kf1 Be7 11. g4 Nh4 12. Nxh4 Bxh4 13. b4 Nxe5 14. a4 Ng6
15. a5 Qd8 16. Kg2 O-O 17. f4 Be7 18. Rf1 f5 19. g5 Bd6 20. Be3 Bd7 21. Qd2 Rc8
22. Ne1 Qe8 23. Nd3 Bb5 24. Rac1 Qe7 25. Rb1 b6 26. axb6 axb6 27. Rb2 Ra8
28. Ne5 Bxe2 29. Qxe2 Nxe5 30. dxe5 Bxb4 31. Rfb1 Bc5 32. Bxc5 bxc5 33. Rb7 Qe8
34. Qf2 Qa4 35. R1b6 Qe4+ 36. Kg3 Ra3+ 37. Rb3 Rxb3+ 38. Rxb3 d4 39. Rb6 Ra8
40. Qf3 d3 41. Rxe6 Qxf3+ 42. Kxf3 Rd8 43. Rd6 Rxd6 44. exd6 Kf7 45. Ke3 c4 0-1

[Event "Open Ricany 2011"]
[Site "http://www.openricany.cz"]
[Date "2011.08.26"]
[Round "8.29"]
[White "Franek, Jan"]
[Black "Marik, Miloslav"]
[Result "1/2-1/2"]
[WhiteElo "1891"]
[BlackElo "1988"]

1. d4 Nf6 2. c4 g6 3. Nc3 Bg7 4. e4 d6 5. Nf3 O-O 6. Be2 e5 7. O-O Nc6 8. d5
Ne7 9. Ne1 Nd7 10. Be3 f5 11. f3 f4 12. Bf2 g5 13. a4 Ng6 14. a5 Rf7 15. c5 Nxc5
16. b4 Nd7 17. b5 Nc5 18. b6 axb6 19. axb6 Rxa1 20. Qxa1 cxb6 21. Nd3 h5 22. Nb2
Bf8 23. Nc4 Bd7 24. Rb1 g4 25. Rxb6 gxf3 26. Bxf3 Rg7 27. Nb5 Bxb5 28. Rxb5 Nd3
29. Bb6 Qg5 30. Qf1 Nc5 31. Na5 Nh4 32. Bxc5 Nxf3+ 33. Qxf3 dxc5 34. Nxb7 Rc7
35. Qh3 f3 36. Qg3 Qxg3 37. hxg3 fxg2 38. Kxg2 c4 39. d6 Rd7 40. Na5 1/2-1/2

[Event "Open Ricany 2011"]
[Site "http://www.openricany.cz"]
[Date "2011.08.26"]
[Round "8.32"]
[White "Lorenc, Tomas"]
[Black "Maly, Filip"]
[Result "0-1"]
[WhiteElo "1875"]
[BlackElo "2007"]

1. e4 c5 2. Nf3 Nc6 3. d4 cxd4 4. Nxd4 e5 5. Nb5 d6 6. c4 Be7 7. Bd3 Be6 8. b3
Rc8 9. N1c3 a6 10. Na3 Bg5 11. Bb2 Nge7 12. Nc2 O-O 13. O-O f5 14. exf5 Nxf5
15. Kh1 Bf4 16. Nd5 Bxd5 17. cxd5 Qh4 18. h3 Nce7 19. Ne1 Kh8 20. Nf3 Qh6
21. Nh2 Bxh2 22. Kxh2 e4 23. Be2 Rc5 24. Bc4 b5 25. Ba3 bxc4 26. Bxc5 dxc5
27. bxc4 Nd4 28. Rb1 Nef5 29. Rb7 Qf4+ 30. Kh1 Ng3+ 31. fxg3 Qxf1+ 32. Qxf1
Rxf1+ 33. Kh2 Kg8 34. d6 Rf2 35. g4 Rd2 36. d7 Ne6 37. Ra7 Kf8 38. Rxa6 Ke7
39. Ra7 Rxd7 40. Rxd7+ Kxd7 41. Kg3 Kd6 42. Kf2 Ke5 43. Ke3 Nd4 44. a4 Nb3
45. g5 g6 0-1

[Event "Open Ricany 2011"]
[Site "http://www.openricany.cz"]
[Date "2011.08.26"]
[Round "8.53"]
[White "Ruzicka, Vaclav"]
[Black "Nigrin, Jiri"]
[Result "1/2-1/2"]
[WhiteElo "1740"]
[BlackElo "1700"]

1. e4 b6 2. d4 Bb7 3. Nc3 e6 4. Nf3 Nf6 5. Bd3 Be7 6. Bf4 d6 7. Qd2 Nc6 8. a3
h6 9. d5 exd5 10. exd5 Nb8 11. Bb5+ Nbd7 12. Bc6 Bxc6 13. dxc6 Nc5 14. O-O-O Ne6
15. h3 Nxf4 16. Qxf4 O-O 17. g4 Nh7 18. h4 g5 19. hxg5 Bxg5 20. Nxg5 Qxg5
21. Qxg5+ hxg5 22. Nd5 Kg7 23. Rde1 Nf6 24. Nxc7 Rac8 25. Re7 Nxg4 26. Rg1 Kf6
27. Nd5+ Kf5 28. Rxa7 Ke6 29. Nc7+ Kf5 30. Nd5 Ke6 31. Ne7 Ra8 32. Rxa8 Rxa8
33. Rxg4 Kxe7 34. Rxg5 Rc8 35. b4 Rxc6 36. Kd2 Ke6 37. Kd3 d5 38. Rg4 b5 39. Rh4
Ra6 40. Rh8 Rxa3+ 41. c3 Ra2 42. f4 Rf2 43. Ke3 Rc2 44. Rc8 Rc1 45. Rc5 Kd6
46. Kd2 Rf1 47. Ke3 Re1+ 48. Kf3 Rc1 49. Ke2 Rc2+ 50. Kd3 Rf2 51. Ke3 Rc2
1/2-1/2

[Event "Open Ricany 2011"]
[Site "http://www.openricany.cz"]
[Date "2011.08.26"]
[Round "8.1"]
[White "Sodoma, Jan"]
[Black "Juptner, Jan"]
[Result "1/2-1/2"]
[WhiteElo "2365"]
[BlackElo "2293"]

1. d4 Nf6 2. c4 g6 3. Nc3 Bg7 4. e4 d6 5. f3 O-O 6. Be3 c5 7. dxc5 dxc5 8. Qxd8
Rxd8 9. Bxc5 Nc6 10. Nd5 Nd7 11. Nxe7+ Nxe7 12. Bxe7 Bxb2 13. Rb1 Bc3+ 14. Kf2
Bd4+ 15. Kg3 Re8 16. Bg5 Nf6 17. Bxf6 Bxf6 18. Rd1 Be6 19. Nh3 Rac8 20. Nf2 Bxc4
21. Ng4 Bg7 22. Bxc4 Rxc4 23. Rhe1 h5 24. Ne3 Ra4 25. Re2 f5 26. Rd7 fxe4
27. Nd5 b5 28. Ne7+ Kh7 29. Rxe4 Rxa2 30. Nd5 Rxe4 31. Nf6+ Kh8 32. Rd8+ Bf8
33. fxe4 Kg7 34. e5 Kf7 35. Rb8 a6 36. Kf4 Bc5 37. Rb7+ Ke6 38. Ne4 Bd4 39. Ng5+
Kd5 40. Rd7+ Kc4 41. e6 Rf2+ 42. Nf3 Bc5 43. e7 Bxe7 44. Rxe7 Rxg2 45. Ra7 Ra2
46. Ne5+ Kc5 47. h4 b4 48. Rb7 a5 49. Kg5 Rd2 50. Ra7 Kb5 51. Rxa5+ Kxa5
52. Nc4+ Kb5 53. Nxd2 Kc5 54. Kxg6 Kd4 55. Kxh5 Kc3 56. Ne4+ Kd4 57. Nf2 b3
58. Nd1 Kd3 59. Nb2+ Kc3 1/2-1/2

[Event "Open Ricany 2011"]
[Site "http://www.openricany.cz"]
[Date "2011.08.26"]
[Round "8.17"]
[White "Dungl, Martin"]
[Black "Janicek, Jindrich"]
[Result "1/2-1/2"]
[WhiteElo "2001"]
[BlackElo "2077"]

1. d4 Nf6 2. c4 g6 3. Nc3 d5 4. Nf3 Bg7 5. Bg5 Ne4 6. cxd5 Nxg5 7. Nxg5 e6
8. Qd2 exd5 9. Qe3+ Kf8 10. Qf4 f6 11. e4 h6 12. Nf3 g5 13. Qe3 dxe4 14. Nxe4
Qe7 15. O-O-O f5 16. Nc3 Qxe3+ 17. fxe3 c6 18. d5 Bxc3 19. bxc3 cxd5 20. Rxd5
Nc6 21. Bb5 Be6 22. Bxc6 bxc6 23. Rd6 Bd5 24. Rd7 Rb8 25. Rxa7 g4 26. Ne5 Re8
27. Ng6+ Kg8 28. Nxh8 Kxh8 29. Kd2 Be4 30. Rd1 Bxg2 31. Ke1 Bd5 32. Kf2 h5
33. a4 h4 34. Re1 f4 35. Rg1 g3+ 36. hxg3 hxg3+ 37. Ke1 Rxe3+ 38. Kd2 Re8
39. Rb7 Kg8 40. Rb4 Rf8 41. a5 g2 42. Ke1 f3 43. Kf2 Re8 44. Rf4 Re2+ 45. Kg3 f2
46. Rxf2 Re3+ 47. Kh2 Rxc3 48. Ra1 Rc4 49. Kg3 Rc3+ 50. Kh2 Rc4 51. Kg3 Rc3+
52. Kh4 Rc4+ 53. Kg3 Rc3+ 1/2-1/2

[Event "Open Ricany 2011"]
[Site "http://www.openricany.cz"]
[Date "2011.08.26"]
[Round "8.19"]
[White "Boucek, Vlastimil"]
[Black "Petras, Milan"]
[Result "1-0"]
[WhiteElo "1984"]
[BlackElo "2064"]

1. e4 Nf6 2. d3 d5 3. Qe2 e6 4. c3 b6 5. e5 Nfd7 6. f4 Ba6 7. Nh3 Nc6 8. Nd2 f6
9. exf6 Qxf6 10. Qf3 O-O-O 11. d4 Bxf1 12. Qxf1 Kb7 13. Nf3 Na5 14. Qe2 c5
15. O-O cxd4 16. cxd4 Rc8 17. Bd2 Nc4 18. Bc3 Bd6 19. g3 Rhe8 20. a4 a6 21. Nf2
Qg6 22. Ne5 Ndxe5 23. fxe5 Be7 24. Nd3 Qe4 25. Qxe4 dxe4 26. Nf4 Ne3 27. Rf2 Bg5
28. Re1 Nd5 29. Rxe4 Bxf4 30. gxf4 g6 31. Rf3 Re7 32. Rd3 Rc4 33. a5 b5 34. Kg2
b4 35. Bd2 Kc6 36. Re1 Kb5 37. Ra1 Rc2 38. Kf3 Kc4 39. Ke4 Rf7 40. b3+ Kb5
41. h4 Rfc7 42. h5 gxh5 43. Rh1 Kxa5 44. Rxh5 Nc3+ 45. Kf3 Nd5 46. f5 Rf7
47. Ke4 Nc3+ 48. Bxc3 bxc3 49. fxe6 Re2+ 50. Kd5 c2 51. Rc3 Rb7 52. Rh1 Kb4
53. Rhh3 Rg2 54. Rc4+ Ka3 55. Rhc3 Kb2 56. Kc6 Rxb3 57. Rxb3+ Kxb3 58. Rc5 Rg3
59. e7 Rc3 60. Rxc3+ Kxc3 61. e8=Q c1=Q 62. d5 Kd4+ 63. Kd7 Qc5 64. Qe6 Qa7+
65. Ke8 Qb8+ 66. Ke7 Qc7+ 67. Kf6 a5 68. d6 Qd8+ 69. Kf7 h5 70. d7 Qh8 71. Qd6+
Ke4 72. d8=Q Qh7+ 73. Ke8 Qg8+ 74. Kd7 Qf7+ 75. Q8e7 1-0

[Event "Open Ricany 2011"]
[Site "http://www.openricany.cz"]
[Date "2011.08.26"]
[Round "8.47"]
[White "Rihova, Kamila"]
[Black "Adamik, Frantisek"]
[Result "1/2-1/2"]
[WhiteElo "1631"]
[BlackElo "1891"]

1. e4 c5 2. Nf3 d6 3. d4 cxd4 4. Nxd4 Nf6 5. Nc3 a6 6. Be2 e5 7. Nb3 Be6 8. O-O
Nbd7 9. Be3 Rc8 10. a4 Nb6 11. Bxb6 Qxb6 12. a5 Qc7 13. Bf3 Be7 14. Re1 O-O
15. Re2 Qc4 16. Ra4 Qc6 17. Rd2 Qc7 18. Nc1 h6 19. h3 g5 1/2-1/2

[Event "Open Ricany 2011"]
[Site "http://www.openricany.cz"]
[Date "2011.08.26"]
[Round "8.12"]
[White "Vevera, Radek"]
[Black "Kubikova, Hana"]
[Result "1/2-1/2"]
[WhiteElo "2043"]
[BlackElo "2159"]

1. e4 c5 2. Nc3 Nc6 3. Bb5 g6 4. Nf3 Bg7 5. O-O Nd4 6. Bc4 e6 7. d3 Ne7 8. Nxd4
cxd4 9. Ne2 O-O 10. Bb3 d5 11. Ng3 h6 1/2-1/2

[Event "Open Ricany 2011"]
[Site "http://www.openricany.cz"]
[Date "2011.08.26"]
[Round "8.42"]
[White "Burianek, Petr"]
[Black "Vrecion, Jiri"]
[Result "1-0"]
[WhiteElo "1892"]
[BlackElo "1771"]

1. e4 e5 2. Nf3 Nc6 3. Bb5 d6 4. d4 exd4 5. Nxd4 Bd7 6. Nxc6 bxc6 7. Bc4 Nf6
8. Nc3 Be7 9. O-O O-O 10. b3 h6 11. Bb2 Qc8 12. Qe2 Be6 13. Ba6 Qd7 14. Rad1 d5
15. e5 Nh7 16. Bb7 Rab8 17. Qa6 Bf5 18. Bxc6 Qd6 19. Nxd5 Bxc2 20. Rd2 Bg6
21. Qc4 Bf5 22. Qc3 Rfc8 23. Bd7 Qxd7 24. e6 Bf6 25. Nxf6+ 1-0

[Event "Open Ricany 2011"]
[Site "http://www.openricany.cz"]
[Date "2011.08.26"]
[Round "8.14"]
[White "Skacel, Jan"]
[Black "Moravec, Vit"]
[Result "1/2-1/2"]
[WhiteElo "2050"]
[BlackElo "2148"]

1. e4 c5 2. Nc3 Nc6 3. g3 g6 4. Bg2 Bg7 5. d3 d6 6. Nge2 e6 7. Be3 Nd4 8. Qd2
Ne7 9. Nd1 O-O 10. c3 Nxe2 11. Qxe2 Rb8 12. O-O Qc7 13. Qd2 b5 14. Bh6 b4
15. Bxg7 Kxg7 16. Ne3 bxc3 17. bxc3 Bb7 18. Rfe1 e5 19. d4 cxd4 20. cxd4 Rfc8
21. Rac1 Qb6 22. Ng4 Ng8 23. dxe5 h5 24. Nf6 Rxc1 25. Rxc1 dxe5 26. Nd5 Rd8
27. Qc3 Qd6 28. Qa5 1/2-1/2

[Event "Open Ricany 2011"]
[Site "http://www.openricany.cz"]
[Date "2011.08.26"]
[Round "8.4"]
[White "Rehorek, Martin"]
[Black "Zvara, David"]
[Result "0-1"]
[WhiteElo "2296"]
[BlackElo "1979"]

1. Nf3 d5 2. c4 d4 3. e3 Nc6 4. b4 Bg4 5. b5 Ne5 6. Bb2 c5 7. bxc6 Bxf3 8. gxf3
Nxc6 9. f4 e6 10. Bg2 Bc5 11. O-O Nge7 12. Ba3 Qd6 13. Bxc5 Qxc5 14. Qe2 O-O
15. d3 Ng6 16. Nd2 Rfd8 17. Nb3 Qd6 18. Rad1 a5 19. c5 Qc7 20. Bxc6 Qxc6
21. Nxd4 Qxc5 22. Nb3 Qd5 23. d4 b6 24. Rb1 Rab8 25. a4 Rdc8 26. f3 Rc3 27. e4
Nxf4 28. exd5 Nxe2+ 29. Kf2 Rc2 30. Ke3 Nc3 31. dxe6 Nxb1 32. exf7+ Kxf7
33. Rxb1 Ra2 34. Nc5 Re8+ 35. Ne4 Rb8 36. d5 Rxa4 37. Rc1 Rd8 38. Rc7+ Kf8
39. Nc3 Rh4 40. Rc6 Rh6 41. Rc7 b5 0-1

[Event "Open Ricany 2011"]
[Site "http://www.openricany.cz"]
[Date "2011.08.26"]
[Round "8.2"]
[White "Vojta, Tomas"]
[Black "Gregor, Jiri"]
[Result "1-0"]
[WhiteElo "2360"]
[BlackElo "2262"]

1. e4 c6 2. d4 d5 3. exd5 cxd5 4. Bd3 Nc6 5. c3 Nf6 6. Bf4 a6 7. h3 g6 8. Nd2
Bg7 9. Ngf3 O-O 10. O-O Bf5 11. Qe2 Rc8 12. Rfe1 e6 13. Ne5 Nxe5 14. Bxe5 Bxd3
15. Qxd3 Bh6 16. Re2 Nd7 17. Bd6 Re8 18. Nf3 Rc6 19. Ba3 Bf4 20. Rae1 b5 21. g3
Bb8 22. Qe3 a5 23. Qh6 Qf6 24. Re3 Rec8 25. Ng5 Qg7 26. Qxg7+ Kxg7 27. Rf3 Nf6
28. Be7 Ne4 29. Nxe4 dxe4 30. Rxe4 Rc4 31. Re2 b4 32. cxb4 axb4 33. Rb3 Rc1+
34. Kg2 Ra1 35. Bxb4 Rxa2 36. Ba3 Ba7 37. d5 exd5 38. Rb7 Bc5 39. Bxc5 Rxc5
40. Ree7 Kg8 41. Rxf7 Rxb2 42. Rg7+ Kf8 43. Rbf7+ Ke8 44. Ra7 Kf8 45. Rxh7 Kg8
46. Rhg7+ Kf8 47. Rxg6 Rcc2 48. Rf6+ Ke8 49. Ra4 Ke7 50. Rff4 Ke6 51. h4 Ke5
52. Ra8 Rd2 53. h5 Rb7 54. Re8+ Kd6 55. h6 Rh7 56. Rh4 Rf7 57. h7 Rfxf2+ 58. Kg1
Rg2+ 59. Kh1 Rgf2 60. Re1 1-0

[Event "Open Ricany 2011"]
[Site "http://www.openricany.cz"]
[Date "2011.08.26"]
[Round "8.18"]
[White "Voracek, Zdenek"]
[Black "Maly, Marek"]
[Result "0-1"]
[WhiteElo "2067"]
[BlackElo "1986"]

1. d4 d5 2. c4 e6 3. Nc3 Nf6 4. Nf3 Be7 5. b3 O-O 6. e3 c5 7. Be2 Nc6 8. O-O
dxc4 9. bxc4 cxd4 10. exd4 b6 11. h3 Ba6 12. Qa4 Na5 13. Be3 Qd7 14. Nb5 Bxb5
15. cxb5 Ne4 16. Ne5 Qd6 17. Rac1 Rac8 18. Nc6 Nxc6 19. bxc6 Qc7 20. Ba6 Rcd8
21. f4 Bd6 22. Rf3 Nf6 23. f5 e5 24. dxe5 Bxe5 25. Bb7 Nd5 26. Bf2 Nf4 27. Re1
Nd3 28. Ree3 Nxf2 29. Rxe5 Nxh3+ 30. Rxh3 Qxe5 31. f6 Rd4 32. Qc2 Qe1+ 33. Kh2
Qe5+ 34. Kg1 Qe1+ 35. Kh2 Qe5+ 36. g3 Re4 37. Qd3 Re2+ 38. Kg1 Qa1+ 0-1

[Event "Open Ricany 2011"]
[Site "http://www.openricany.cz"]
[Date "2011.08.26"]
[Round "8.34"]
[White "Popelka, Pavel"]
[Black "Rezac, Jindrich"]
[Result "1-0"]
[WhiteElo "1984"]
[BlackElo "1862"]

1. d4 d5 2. c4 dxc4 3. Nc3 e6 4. Nf3 Nf6 5. Bg5 Be7 6. e3 h6 7. Bh4 O-O 8. Bxc4
b6 9. Qc2 Bb7 10. Rd1 Nd5 11. Bg3 Nxc3 12. Qxc3 Bf6 13. Qc2 Qe7 14. O-O Rd8
15. a3 c5 16. dxc5 Qxc5 17. Rxd8+ Bxd8 18. b4 Qe7 19. Ba2 Nd7 20. Bb1 Nf8
21. Rd1 Rc8 22. Qe2 Bc7 23. Bh4 f6 24. Nd4 Rd8 25. f4 e5 26. Ba2+ Kh8 27. Nf5
Rxd1+ 28. Qxd1 Qd7 29. Qb3 Kh7 30. Be1 exf4 31. Qg8+ Kg6 32. Nh4+ Kg5 33. Qxf8
fxe3 34. Qf7 Qxf7 35. Bxf7 Kf4 36. Bg3+ Kg4 37. Be6+ Kh5 38. Bxc7 Kxh4 39. g3+
Kh5 40. Bf4 e2 41. Kf2 Bf3 42. Bd2 Bg4 43. Bf7+ g6 44. Kg2 Bd7 45. h3 f5 46. Kf3
Bc6+ 47. Kxe2 Bg2 48. h4 Kg4 49. Bxh6 Kxg3 50. Bxg6 f4 51. Bh5 f3+ 52. Ke3 Bh1
53. Bf7 f2 54. Bf4+ Kg2 55. Bd5+ Kg1 56. Bc4 f1=Q 57. Bxf1 Kxf1 58. h5 Bd5
59. Kd4 Bg8 60. h6 Ke2 61. Bb8 Kd2 62. Bxa7 1-0

[Event "Open Ricany 2011"]
[Site "http://www.openricany.cz"]
[Date "2011.08.26"]
[Round "8.27"]
[White "Lexa, Vaclav"]
[Black "Vavrinec, Tomas"]
[Result "1-0"]
[WhiteElo "1917"]
[BlackElo "2015"]

1. d4 d5 2. c4 c6 3. Nc3 e5 4. cxd5 cxd5 5. e3 e4 6. Bb5+ Nc6 7. Qa4 Ne7
8. Nge2 Bd7 9. Qd1 Bg4 10. O-O Nc8 11. Qa4 Qd6 12. Nf4 Nb6 13. Qb3 Rd8 14. a4 g5
15. a5 gxf4 16. axb6 axb6 17. exf4 Bg7 18. Be3 O-O 19. Be2 Bxe2 20. Nxe2 Na5
21. Qd1 Rc8 22. Ng3 f5 23. Rc1 Nc4 24. b3 Nxe3 25. fxe3 Qg6 26. Rf2 Rc6 27. Rfc2
Rfc8 28. b4 b5 29. Rxc6 Rxc6 30. Rc5 Rxc5 31. bxc5 b6 32. Qb3 bxc5 33. Qxd5+ Qf7
34. Qxc5 Qb3 35. Nxf5 Bf8 36. Qe5 b4 37. d5 Qd1+ 38. Kf2 Qg4 39. Qe6+ Kh8
40. Qf7 Qg8 41. Qxg8+ Kxg8 42. Ke2 1-0

[Event "Open Ricany 2011"]
[Site "http://www.openricany.cz"]
[Date "2011.08.26"]
[Round "8.33"]
[White "Rydl, Jiri"]
[Black "Hadrava, Jaroslav"]
[Result "1/2-1/2"]
[WhiteElo "2007"]
[BlackElo "1890"]

1. e4 e5 2. Nf3 Nc6 3. Bc4 Nf6 4. d4 exd4 5. e5 d5 6. Bb5 Bb4+ 7. c3 dxc3
8. bxc3 Ba5 9. exf6 Qxf6 10. O-O O-O 11. Bg5 Qd6 12. Qa4 Bb6 13. Nbd2 Ne5
14. Nxe5 Qxe5 15. Nf3 Qxc3 16. Rac1 Qa5 17. Qxa5 Bxa5 18. Be7 c6 19. Bxf8 Kxf8
20. Bd3 h6 21. Nd4 Bb6 22. Nb3 Bd7 23. a4 a5 24. Rfd1 Ke7 25. Kf1 Kd6 26. Nd2
Bd8 27. Nc4+ dxc4 28. Bf5+ Kc5 29. Rxd7 b5 30. Rxf7 Bf6 31. Rb7 Rd8 32. axb5
cxb5 33. Bd7 Rxd7 34. Rxd7 a4 35. Ke2 a3 36. Kd1 Bb2 37. Kc2 Bxc1 38. Kxc1 b4
39. Rxg7 b3 40. Ra7 Kb4 41. f4 a2 42. f5 Kc3 43. Ra3 a1=Q+ 44. Rxa1 b2+ 45. Kb1
bxa1=Q+ 46. Kxa1 Kd2 47. f6 c3 48. f7 c2 49. f8=Q c1=Q+ 50. Ka2 Qc4+ 51. Ka3
Qd3+ 52. Kb4 Qe4+ 53. Kc5 Qe5+ 1/2-1/2

[Event "Open Ricany 2011"]
[Site "http://www.openricany.cz"]
[Date "2011.08.26"]
[Round "8.28"]
[White "Forman, Miroslav"]
[Black "Kovar, Jan"]
[Result "1/2-1/2"]
[WhiteElo "1912"]
[BlackElo "2002"]

1. g4 d5 2. Bg2 c6 3. h3 e5 4. c4 Ne7 5. cxd5 Nxd5 6. Nc3 Be6 7. d3 Nd7 8. Nf3
Bb4 9. Bd2 Qe7 10. Rc1 f6 11. Nxd5 Bxd5 12. a3 Bd6 13. b4 a5 14. bxa5 Nc5
15. Rb1 e4 16. dxe4 Bxe4 17. O-O O-O 18. Rb4 Rfd8 19. Qc1 Bd5 20. Nd4 Bxg2
21. Kxg2 Qe5 22. Qc4+ Kh8 23. Nf3 Qe7 24. Rb2 Ne6 25. Rfb1 Rd7 26. a4 Ng5
27. Nxg5 fxg5 28. Bb4 c5 29. Bc3 Bc7 30. e4 Bxa5 31. Bxa5 Rxa5 32. Rb5 Rxb5
33. Rxb5 Rd4 34. Qc2 c4 35. e5 Rf4 36. Qd2 h6 37. Qe3 Qe6 38. f3 h5 39. Rb6 Qe7
40. a5 h4 41. Rd6 Rf8 42. Rd5 Qe6 43. Rc5 c3 44. Qxc3 Qa2+ 45. Qc2 Qa3 46. Rc3
Qxa5 47. Rc8 Rxc8 48. Qxc8+ Kh7 49. Qf5+ Kh6 50. Kf2 1/2-1/2

[Event "Open Ricany 2011"]
[Site "http://www.openricany.cz"]
[Date "2011.08.26"]
[Round "8.10"]
[White "Hrdina, Robin"]
[Black "Klement, Lukas"]
[Result "0-1"]
[WhiteElo "2089"]
[BlackElo "2234"]

1. e4 c5 2. Nf3 d6 3. d4 cxd4 4. Nxd4 Nf6 5. Nc3 a6 6. Bc4 e6 7. Bb3 Qc7 8. Bg5
Be7 9. Qd2 Bd7 10. O-O-O Nc6 11. Kb1 Nxd4 12. Qxd4 Rc8 13. Rhe1 Qc5 14. Qd2 h6
15. Be3 Qa5 16. h3 b5 17. Bd4 e5 18. Ba7 Qc7 19. Be3 Be6 20. Nd5 Bxd5 21. Bxd5
Nxd5 22. exd5 O-O 23. Rc1 f5 24. f4 e4 25. g4 g6 26. Rg1 Kh7 27. h4 fxg4
28. Rxg4 h5 29. Rg2 Rf5 30. Rcg1 Rg8 31. Qd4 Bxh4 32. Qxe4 Qf7 33. Rd2 Re8
34. Qd3 Qe7 35. Re2 Bf2 36. Rxf2 Qxe3 37. Qxe3 Rxe3 38. Rfg2 Rxd5 39. Rxg6 Re1+
40. Rxe1 Kxg6 41. c4 bxc4 42. Rh1 Rf5 43. Rh4 Kf6 44. Kc2 Ke6 45. Kc3 Kd5 46. a3
Kc5 47. b3 cxb3 48. Kxb3 Kd4 49. a4 Ke3 50. Kc3 Kf3 51. Kd3 Kg3 52. Rh1 h4
53. Ke3 Rxf4 54. Rg1+ Kh2 55. Rg6 Rxa4 56. Rxd6 h3 57. Rg6 Ra2 58. Rg4 a5
59. Kf3 a4 60. Rg8 Rg2 61. Ra8 a3 62. Ra7 a2 63. Ra6 Kg1 0-1

[Event "Open Ricany 2011"]
[Site "http://www.openricany.cz"]
[Date "2011.08.26"]
[Round "8.15"]
[White "Prochazka, Petr"]
[Black "Hadzala, Daniel"]
[Result "0-1"]
[WhiteElo "2008"]
[BlackElo "2162"]

1. e4 e6 2. d4 d5 3. exd5 exd5 4. Nf3 Bd6 5. Bd3 Bg4 6. O-O Ne7 7. h3 Bh5 8. c3
Nbc6 9. Re1 Qd7 10. Nbd2 Bg6 11. Nf1 O-O-O 12. b4 Rde8 13. a4 f6 14. a5 Bxd3
15. Qxd3 g5 16. b5 Nd8 17. b6 cxb6 18. a6 Ndc6 19. axb7+ Kxb7 20. Qb5 Nb8
21. Qb3 Nec6 22. Ne3 Ne7 23. Nxd5 Nxd5 24. Qxd5+ Nc6 25. c4 Rxe1+ 26. Nxe1 Rd8
27. Be3 Qc7 28. Qf3 Bf4 29. Nc2 Kb8 30. d5 Ne5 31. Qe4 Qxc4 32. Qxc4 Nxc4
33. Bxf4+ gxf4 34. Nb4 Ne5 35. Rd1 a5 36. Na2 Rc8 37. Nc1 Kb7 38. Ne2 f3 39. Nd4
Ka6 40. gxf3 Nc4 41. Nf5 b5 42. d6 a4 43. Ne7 Rd8 44. d7 Nb6 45. Nc6 Rxd7
46. Nb8+ Ka5 47. Nxd7 Nxd7 48. Rxd7 a3 49. Rxh7 b4 50. Rb7 Ka4 51. h4 b3
52. Ra7+ Kb4 53. Rb7+ Kc4 54. Rc7+ Kd5 55. Rc3 b2 56. Rxa3 b1=Q+ 57. Kg2 Qg6+
58. Kf1 Ke5 59. Ra4 f5 60. Ke2 Qc6 61. Ra5+ Kf4 62. Ra7 Qxf3+ 63. Ke1 Qc3+
64. Ke2 Qb2+ 0-1

[Event "Open Ricany 2011"]
[Site "http://www.openricany.cz"]
[Date "2011.08.26"]
[Round "8.31"]
[White "Sargsjan, Karen"]
[Black "Nemec, David"]
[Result "1/2-1/2"]
[WhiteElo "1881"]
[BlackElo "2037"]

1. e4 c5 2. c3 Nf6 3. e5 Nd5 4. Nf3 e6 5. d4 cxd4 6. cxd4 d6 7. Bb5+ Bd7
8. Bxd7+ Nxd7 9. O-O dxe5 10. dxe5 Be7 11. Nbd2 O-O 12. a3 Qc7 13. Re1 Rfd8
14. Nb3 Rac8 15. Nbd4 a6 16. Bd2 Qb6 17. Rb1 h6 18. Qe2 Bc5 19. Qe4 Bxd4
20. Qxd4 Qxd4 21. Nxd4 Rc4 22. Nf3 Rdc8 23. Rbc1 Kf8 24. g3 Ke7 25. Kf1 Rc2
26. Bc3 Rxc1 27. Rxc1 Nxc3 28. Rxc3 Rxc3 29. bxc3 Nb6 30. Nd2 Kd7 31. Ke2 Kc6
32. Kd3 Nd7 33. Kd4 f6 34. f4 fxe5+ 35. fxe5 Nc5 36. h4 a5 37. g4 a4 38. Nf3 b5
39. g5 Nb3+ 40. Kd3 Kd5 41. gxh6 gxh6 42. h5 Nc5+ 43. Ke3 Kc4 44. Nd4 Kd5
45. Nf3 Ne4 46. Kd3 Ng3 47. Nd4 Nxh5 48. Nxb5 Nf4+ 49. Ke3 Kxe5 50. c4 h5
51. Nc3 h4 52. Kf3 h3 53. Kg3 Kd4 54. Nxa4 Kxc4 55. Nb2+ Kb3 56. Nd1 Kxa3
57. Kxf4 1/2-1/2

[Event "Open Ricany 2011"]
[Site "http://www.openricany.cz"]
[Date "2011.08.26"]
[Round "8.35"]
[White "Hronik, Petr"]
[Black "Feierfeil, Jiri"]
[Result "1/2-1/2"]
[WhiteElo "1966"]
[BlackElo "1858"]

1. d4 Nf6 2. Bf4 g6 3. e3 Bg7 4. Nd2 O-O 5. Bd3 d6 6. Ne2 Nbd7 7. c3 b6 8. Bg3
Bb7 9. f3 Rc8 10. O-O Nh5 11. Bf2 e5 12. Ng3 Nxg3 13. Bxg3 f5 14. Bf2 Qe7 15. e4
fxe4 16. fxe4 exd4 17. Bxd4 Rxf1+ 18. Qxf1 Rf8 19. Qe2 Ne5 20. Rf1 Rxf1+
21. Qxf1 Bh6 22. Bxe5 dxe5 23. Qe2 Qg5 24. Bc4+ Kh8 25. Nf3 Qe3+ 26. Kf1 Qxe2+
27. Bxe2 Bxe4 28. Nxe5 Bf4 29. Nf3 Kg7 30. h3 Kf6 31. Kf2 Bc1 32. b4 Bb2 33. c4
Ba3 34. Nd2 Bc2 35. b5 Ke5 36. Nf3+ Kd6 37. Nd4 Bb1 38. Nc6 Kc5 39. Nxa7 Bxa2
40. Kf3 Bc1 41. Ke4 Bb2 42. g4 Bb1+ 43. Kf4 h6 44. Nc6 g5+ 45. Kg3 Be4 46. Ne7
Be5+ 47. Kf2 Bd6 48. Nf5 Bf8 49. Kg3 Bc2 50. h4 Bb3 51. hxg5 hxg5 52. Ne3 Bd6+
53. Kf3 Bf4 54. Nd5 Bd6 55. Ne3 Ba2 56. Ke4 Bb1+ 57. Bd3 Ba2 58. Be2 Kb4 59. Kd5
Kc3 60. Nf5 Bf4 61. Ng7 Kd2 62. Bf1 Bb1 63. Ne6 Be3 64. Bg2 Bg6 65. Nxc7 Ke2
66. Be4 Bf7+ 67. Ne6 Kd2 68. Kd6 Ke2 69. Ke7 Bg8 70. Bd5 Bxe6 1/2-1/2